ნორმალური ფორმატი
MARC ფორმატი
ჩანაწერი Meeting Name
ჩანაწერთა რაოდენობა, რომელიც გამოყენებულია: 1
001 - CONTROL NUMBER
- control field: 19429
003 - CONTROL NUMBER IDENTIFIER
- control field: GE_BSU
005 - DATE AND TIME OF LATEST TRANSACTION
- control field: 20230719111702.0
008 - FIXED-LENGTH DATA ELEMENTS
- fixed length control field: 230719|| aca||aabn | a|a d
040 ## - CATALOGING SOURCE
- Original cataloging agency: GE_BSU
- Transcribing agency: GE_BSU
111 ## - HEADING--MEETING NAME
- Meeting name or jurisdiction name as entry element: ივანე ჯავახიშვილის სახ. თბილისის სახელმწ. უნივერსიტეტი, ჰუმანიტარულ მეცნიერებათა ფაკულტეტი, საქართველოს ისტორიის სასწავლო-სამეცნიერო ინსტიტუტი, მსოფლიო ისტორიის სასწავლო-სამეცნიერო ინსტიტუტი.
670 ## - SOURCE DATA FOUND
- Source citation: Work cat.: (GE_BSU): ქართველიშვილი, მიხეილ, ავტორი. 19427, საბჭოთა რელიგიური პოლიტიკა და საქართველოში მისი ასახვის თავისებურებები 1953-1964 წლებში /
